|
|
|
|
| LEADER |
01686nam a2200445 i 4500 |
| 001 |
nkc20253685053 |
| 003 |
CZ PrNK |
| 005 |
20250603125712.0 |
| 007 |
ta |
| 008 |
250513t20252025xr a e f 000 0 cze |
| 015 |
|
|
|a cnb003685053
|
| 020 |
|
|
|a 978-80-271-3155-6
|q (brožováno) :
|c Kč 299,00
|
| 035 |
|
|
|a (OCoLC)1527577277
|
| 040 |
|
|
|a OLA001
|b cze
|e rda
|
| 072 |
|
7 |
|a 796
|x Sport. Hry. Tělesná cvičení
|2 Konspekt
|9 20
|
| 080 |
|
|
|a 796.012.62
|2 MRF
|
| 080 |
|
|
|a (035)
|2 MRF
|
| 100 |
1 |
|
|a Kvasnička, Roman
|7 mzk2014843453
|4 aut
|
| 245 |
1 |
0 |
|a Tajči, ladná cesta životem :
|b průvodce cvičením nejen pro seniory /
|c Roman Kvasnička, Radka Nováková, Roman Steiger ; ilustrace: Monika Davidová
|
| 264 |
|
1 |
|a Praha :
|b Grada,
|c [2025]
|
| 264 |
|
4 |
|c ©2025
|
| 300 |
|
|
|a 110 stran :
|b ilustrace (převážně barevné) ;
|c 24 cm
|
| 336 |
|
|
|a text
|b txt
|2 rdacontent
|
| 337 |
|
|
|a bez média
|b n
|2 rdamedia
|
| 338 |
|
|
|a svazek
|b nc
|2 rdacarrier
|
| 650 |
0 |
7 |
|a taiči
|7 ph126416
|2 czenas
|
| 650 |
0 |
7 |
|a čínská tělesná cvičení
|7 ph116883
|2 czenas
|
| 650 |
0 |
9 |
|a tai chi
|2 eczenas
|
| 650 |
0 |
9 |
|a Chinese exercise
|2 eczenas
|
| 655 |
|
7 |
|a příručky
|7 fd133209
|2 czenas
|
| 655 |
|
9 |
|a handbooks and manuals
|2 eczenas
|
| 700 |
1 |
|
|a Nováková, Radka
|4 aut
|
| 700 |
1 |
|
|a Steiger, Roman,
|d 1977-
|7 xx0200461
|4 aut
|
| 700 |
1 |
|
|a Davidová, Monika
|7 ola2015860245
|4 ill
|
| 910 |
2 |
|
|a BOA001
|b 2-1544.421
|
| 990 |
|
|
|a BK
|
| 995 |
|
|
|a 01
|
| 991 |
|
|
|b 202505
|c NOV
|
| 996 |
6 |
|
|b 2611003794
|c 2-1544.421
|l MZK
|r Sklad / do 1 hodiny
|n 0
|p p.v.
|w 002005275
|u 000010
|a 1
|e BOA001
|j MZK50
|s P
|
| 996 |
7 |
|
|b 2611004611
|c 2-1544.421
|l Vol.výběr
|r VV 1p
|n 3
|p kup
|h 796.8 KVA
|w 002005275
|u 000020
|a 0
|e BOA001
|j MZK50
|s A
|